|
|
|
|
| LEADER |
00000naa2a2200000 4500 |
| 001 |
612314 |
| 005 |
20260422110036.0 |
| 035 |
|
|
|a (RuTPU)RU\TPU\conf\10435
|
| 035 |
|
|
|a RU\TPU\conf\10434
|
| 090 |
|
|
|a 612314
|
| 100 |
|
|
|a 20150609d2015 k y0rusy50 ca
|
| 101 |
0 |
|
|a rus
|
| 102 |
|
|
|a RU
|
| 135 |
|
|
|a drgn ---uucaa
|
| 181 |
|
0 |
|a i
|
| 182 |
|
0 |
|a b
|
| 200 |
1 |
|
|a Сравнительный анализ структуры полимерных нетканых материалов, полученных методом электроспиннинга и аэродинамического формования в турбулентном газовом потоке
|f А. К. Фомичев, Т. Л. Волокитина
|g науч. рук. Т. Л. Волокитина
|
| 203 |
|
|
|a Текст
|c электронный
|
| 225 |
1 |
|
|a Нанотехнологии и пучково-плазменные технологии создания материалов с заданными свойствами
|
| 300 |
|
|
|a Заглавие с титульного экрана
|
| 320 |
|
|
|a [Библиогр.: с. 178-179 (9 назв.)]
|
| 337 |
|
|
|a Adobe Reader
|
| 463 |
|
1 |
|0 (RuTPU)RU\TPU\conf\10353
|t Ресурсоэффективным технологиям - энергию и энтузиазм молодых
|o сборник научных трудов VI Всероссийской конференции, г. Томск, 22-24 апреля 2015 г.
|f Национальный исследовательский Томский политехнический университет (ТПУ)
|v [С. 175-179]
|d 2015
|
| 610 |
1 |
|
|a труды учёных ТПУ
|
| 610 |
1 |
|
|a электронный ресурс
|
| 610 |
1 |
|
|a сравнительный анализ
|
| 610 |
1 |
|
|a полимерные материалы
|
| 610 |
1 |
|
|a нетканые материалы
|
| 610 |
1 |
|
|a электроспиннинг
|
| 610 |
1 |
|
|a турбулентные потоки
|
| 610 |
1 |
|
|a газовые потоки
|
| 610 |
1 |
|
|a регенеративный процесс
|
| 610 |
1 |
|
|a матриксы
|
| 700 |
|
1 |
|a Фомичев
|b А. К.
|
| 701 |
|
1 |
|a Волокитина
|b Т. Л.
|c физик
|c инженер Томского политехнического университета
|f 1990-
|g Татьяна Леонидовна
|3 (RuTPU)RU\TPU\pers\30004
|9 14455
|
| 702 |
|
1 |
|a Волокитина
|b Т. Л.
|c специалист в области теоретической и экспериментальной физики
|c техник Томского политехнического университета
|f 1990-
|g Татьяна Леонидовна
|4 727
|
| 712 |
0 |
2 |
|a Национальный исследовательский Томский политехнический университет (ТПУ)
|b Физико-технический институт (ФТИ)
|b Кафедра теоретической и экспериментальной физики (ТиЭФ)
|3 (RuTPU)RU\TPU\col\18726
|
| 801 |
|
2 |
|a RU
|b 63413507
|c 20210119
|g RCR
|
| 856 |
4 |
|
|u http://earchive.tpu.ru/handle/11683/19395
|
| 856 |
4 |
|
|u http://www.lib.tpu.ru/fulltext/c/2015/C08/051.pdf
|
| 942 |
|
|
|c BK
|